000 00345nam a2200133Ia 4500
008 240624s9999 xx 000 0 und d
041 _aeng
082 _a920 MUK
100 _aMUKHERJEE SIDDHARTHA
245 _aEMPEROR OF ALL MALADIES A BIOGRAPHY OF C
260 _c2010
_aNew Delhi
_bScribner Book Company
300 _a571 : p.
365 _cRS
999 _c17127
_d17127